[Event "Gatineau Eveil Printanier U1500"]
[Site "Gatineau"]
[Date "2016.03.22"]
[Round "4"]
[White "Traversy, Pierre"]
[Black "Legare, Gilles"]
[Result "1-0"]
[WhiteElo "1235"]
[BlackElo "1035"]
[PlyCount "175"]
[EventDate "2016.03.01"]
[EventType "swiss"]
[EventRounds "5"]
[EventCountry "CAN"]
[SourceTitle "EXT 2022"]
[Source "ChessBase"]
[SourceDate "2021.10.06"]
[SourceVersion "1"]
[SourceVersionDate "2021.10.06"]
[SourceQuality "1"]

1. d4 d5 2. Nf3 Nf6 3. c4 e6 4. Bg5 h6 5. Bd2 Be7 6. Nc3 c6 7. Qc2 Bb4 8. g3 Ne4 9. a3 Bd6 10. Nxe4 dxe4 11. Qxe4 Nd7 12. Bg2 Nf6 13. Qd3 c5 14. dxc5 Bc7 15. Qxd8+ Bxd8 16. b4 0-0 17. Ne5 Bc7 18. Bc3 Bxe5 19. Bxe5 Ng4 20. Bd6 Re8 21. h3 Nf6 22. Bf3 e5 23. e4 Nh7 24. Bg2 Bd7 25. 0-0 Ba4 26. Rac1 Nf6 27. Rfe1 b6 28. Re3 b5 29. Bf1 a6 30. cxb5 axb5 31. Kg2 Re6 32. f3 Nh5 33. Kf2 Nf6 34. h4 h5 35. Bh3 Ree8 36. Rd3 g6 37. Ke3 Kg7 38. g4 Ra7 39. g5 Nd7 40. Kd2 Nb8 41. Bxb8 Rxb8 42. Kc3 Rbb7 43. Bc8 Rc7 44. Bh3 Ra6 45. Kd2 Raa7 46. Rcc3 Kf8 47. Rd6 Ke7 48. Rcd3 Kf8 49. Kc1 Ra8 50. Kb2 Rca7 51. R3d5 Kg7 52. Rd7 Ra6 53. R5d6 Rxd6 54. Rxd6 Kf8 55. Bd7 Ke7 56. Rd2 Ra7 57. c6 Rc7 58. Rd5 f6 59. gxf6+ Kxf6 60. Rd6+ Ke7 61. Rxg6 Kf7 62. Rg5 Bd1 63. Rf5+ Ke7 64. Rxe5+ Kf6 65. Re6+ Kf7 66. f4 Bg4 67. Rd6 Bf3 68. e5 Ra7 69. f5 Bg4 70. Be6+ Kf8 71. Bc8 Rc7 72. Bd7 Bf3 73. Rh6 Bd5 74. Rxh5 Bxc6 75. Bxc6 Rxc6 76. Rg5 Rc4 77. h5 Rh4 78. f6 Rh2+ 79. Kc3 Rh3+ 80. Kd4 Rxa3 81. e6 Rf3 82. Rg6 Rf4+ 83. Kc5 Rf5+ 84. Kd6 Rxh5 85. f7 Rh8 86. Rg8+ Rxg8 87. fxg8Q+ Kxg8 88. Kd7 1-0

[Event "Gatineau Aylmer CC Hiver"]
[Site "Gatineau"]
[Date "2016.01.22"]
[Round "3"]
[White "Lamoureux, Gilbert"]
[Black "Traversy, Pierre"]
[Result "1-0"]
[WhiteElo "1243"]
[BlackElo "1194"]
[PlyCount "63"]
[EventDate "2016.01.08"]
[EventType "swiss"]
[EventRounds "6"]
[EventCountry "CAN"]
[SourceTitle "EXT 2022"]
[Source "ChessBase"]
[SourceDate "2021.10.06"]
[SourceVersion "1"]
[SourceVersionDate "2021.10.06"]
[SourceQuality "1"]

1. e4 d6 2. d4 c6 3. c4 g6 4. Nf3 Bg7 5. Bd3 Bg4 6. h3 Bd7 7. Be3 Qc7 8. 0-0 e5 9. d5 c5 10. Nc3 Ne7 11. Nb5 Bxb5 12. cxb5 b6 13. Rc1 Nd7 14. b4 0-0 15. bxc5 bxc5 16. a4 Qd8 17. Rb1 Nc8 18. Ng5 h5 19. Be2 Nf6 20. f4 Nh7 21. Qd2 Nxg5 22. fxg5 Ne7 23. g4 Qd7 24. Kh2 f6 25. gxh5 gxh5 26. Bxh5 f5 27. exf5 Nxf5 28. Bg4 Qe7 29. Rxf5 Rxf5 30. Bxf5 Rf8 31. Rd1 Qf7 32. Be6 1-0

[Event "Gatineau Hull CC Reserve-B"]
[Site "Gatineau"]
[Date "2015.12.08"]
[Round "3"]
[White "Traversy, Pierre"]
[Black "Labelle, Raymond"]
[Result "0-1"]
[WhiteElo "1160"]
[BlackElo "1349"]
[PlyCount "58"]
[EventDate "2015.11.24"]
[EventType "swiss"]
[EventRounds "5"]
[EventCountry "CAN"]
[SourceTitle "EXT 2022"]
[Source "ChessBase"]
[SourceDate "2021.10.06"]
[SourceVersion "1"]
[SourceVersionDate "2021.10.06"]
[SourceQuality "1"]

1. c4 e5 2. e4 Nf6 3. Nc3 Nc6 4. a3 a5 5. Nf3 Bc5 6. Be2 0-0 7. 0-0 Re8 8. d3 h6 9. Nb5 Re6 10. Nh4 Nxe4 11. dxe4 Qxh4 12. Qe1 Qxe4 13. Nxc7 Rg6 14. g3 Nd4 15. Be3 Nc2 16. Qd2 Nxe3 17. f3 Nxc4+ 18. Kh1 Nxd2 19. fxe4 Nxf1 20. Rxf1 Rb8 21. Bc4 Rf6 22. Rd1 d6 23. Nd5 Rf2 24. b4 axb4 25. axb4 Bd4 26. b5 Bh3 27. Ne3 Rc8 28. Bd5 Bxe3 29. Bb3 Bg2+ 0-1

[Event "Gatineau Equipes"]
[Site "Gatineau"]
[Date "2015.11.03"]
[Round "3"]
[White "Bourbonnais, Luc"]
[Black "Traversy, Pierre"]
[Result "1-0"]
[WhiteElo "1268"]
[BlackElo "1222"]
[PlyCount "85"]
[EventDate "2015.10.20"]
[EventType "team-swiss"]
[EventRounds "3"]
[EventCountry "CAN"]
[SourceTitle "EXT 2022"]
[Source "ChessBase"]
[SourceDate "2021.10.06"]
[SourceVersion "1"]
[SourceVersionDate "2021.10.06"]
[SourceQuality "1"]

1. e4 e5 2. Nf3 Nc6 3. Bb5 d6 4. d4 exd4 5. Nxd4 Bd7 6. Nc3 Nge7 7. Be3 a6 8. Bc4 Ne5 9. Bb3 c5 10. Nf3 Bc6 11. 0-0 h6 12. Nxe5 dxe5 13. Qh5 Ng6 14. Rad1 Qf6 15. Rd2 Be7 16. Rfd1 0-0 17. Nd5 Bxd5 18. exd5 Rad8 19. c4 Bd6 20. g3 Ne7 21. Bc2 Ng6 22. Re2 Rfe8 23. Bd2 Re7 24. Bc3 Nf8 25. f4 Nd7 26. Rde1 Rde8 27. Ba4 g5 28. Bxd7 Rxd7 29. fxe5 Qg6 30. Qxg6+ fxg6 31. exd6 Rxe2 32. Rxe2 Kf7 33. Re6 g4 34. Rf6+ Ke8 35. Rxg6 h5 36. Rg8+ Kf7 37. Rg7+ Ke8 38. Rxd7 Kxd7 39. Be5 b5 40. Kf2 b4 41. b3 Ke8 42. Ke3 Kf7 43. Kf4 1-0

[Event "Gatineau Equipes"]
[Site "Gatineau"]
[Date "2015.10.27"]
[Round "2"]
[White "Traversy, Pierre"]
[Black "Ethier, Valori"]
[Result "0-1"]
[WhiteElo "1196"]
[BlackElo "1322"]
[PlyCount "86"]
[EventDate "2015.10.20"]
[EventType "team-swiss"]
[EventRounds "3"]
[EventCountry "CAN"]
[SourceTitle "EXT 2022"]
[Source "ChessBase"]
[SourceDate "2021.10.06"]
[SourceVersion "1"]
[SourceVersionDate "2021.10.06"]
[SourceQuality "1"]

1. d4 d5 2. Nf3 Nf6 3. Nc3 c6 4. h3 Bf5 5. e3 Nbd7 6. Be2 h6 7. Bd2 e6 8. Bd3 Bxd3 9. cxd3 c5 10. b3 cxd4 11. Nxd4 a6 12. Nf3 b5 13. a3 Bd6 14. b4 0-0 15. d4 Nb6 16. Ne5 Bxe5 17. dxe5 Nfd7 18. f4 Nc4 19. 0-0 Nxd2 20. Qxd2 Nb6 21. Ne2 Nc4 22. Qd4 Rb8 23. Rfc1 Qb6 24. Kf2 Rfc8 25. Qxb6 Rxb6 26. Nd4 Rb7 27. Nb3 Rbc7 28. Nc5 Rc6 29. Rd1 Rd8 30. Rd4 f5 31. h4 h5 32. g3 Ra8 33. a4 bxa4 34. Rxa4 a5 35. b5 Rxc5 36. Rdxc4 Rxc4 37. Ra2 Rb4 38. Ke2 Rxb5 39. Kd3 Rc8 40. Ra3 Rc4 41. Kd2 a4 42. Ke2 Rb3 43. Ra2 a3 0-1

[Event "Gatineau Hull CC 35 Ann U1500"]
[Site "Gatineau"]
[Date "2015.10.06"]
[Round "4"]
[White "Traversy, Pierre"]
[Black "Legare, Gilles"]
[Result "1-0"]
[WhiteElo "1244"]
[BlackElo "1040"]
[PlyCount "127"]
[EventDate "2015.09.15"]
[EventType "swiss"]
[EventRounds "5"]
[EventCountry "CAN"]
[SourceTitle "EXT 2022"]
[Source "ChessBase"]
[SourceDate "2021.10.06"]
[SourceVersion "1"]
[SourceVersionDate "2021.10.06"]
[SourceQuality "1"]

1. d4 Nf6 2. Nf3 c6 3. Nc3 e6 4. Bg5 Be7 5. e4 h6 6. Bxf6 Bxf6 7. e5 Be7 8. Bd3 d6 9. exd6 Bxd6 10. Ne4 Be7 11. c3 Nd7 12. 0-0 Nf6 13. Nxf6+ Bxf6 14. Re1 Bd7 15. Qc2 Qe7 16. b4 h5 17. Ne5 Bxe5 18. dxe5 h4 19. h3 Rh6 20. Be2 0-0-0 21. Rad1 f6 22. Bf3 f5 23. Rd4 g5 24. Red1 Qg7 25. Qd3 Rh7 26. a4 Qxe5 27. a5 a6 28. Qe3 Qxe3 29. fxe3 Re7 30. c4 e5 31. R4d2 e4 32. Be2 Ree8 33. c5 Be6 34. Rd6 Bd5 35. Kh2 Rxd6 36. cxd6 Kd7 37. g4 hxg3+ 38. Kxg3 Kxd6 39. Bc4 Ke5 40. Bxd5 cxd5 41. Rc1 Kd6 42. h4 gxh4+ 43. Kxh4 Rg8 44. Rf1 Rg4+ 45. Kh5 Ke5 46. Rc1 Kd6 47. Rc8 Kd7 48. Rf8 Rg7 49. Rxf5 Rh7+ 50. Kg4 Ke7 51. Kf4 Rf7 52. Rxf7+ Kxf7 53. Ke5 Ke7 54. Kxd5 Kd7 55. Kxe4 Kc6 56. Kd4 Kb5 57. Kc3 Kc6 58. Kd4 Kd6 59. e4 Ke6 60. e5 Kd7 61. Kd5 Kd8 62. e6 Ke8 63. Kd6 Kf8 64. Kd7 1-0

[Event "Gatineau Hull CC 35 Ann U1500"]
[Site "Gatineau"]
[Date "2015.09.15"]
[Round "1"]
[White "Lemieux, Richard"]
[Black "Traversy, Pierre"]
[Result "1-0"]
[WhiteElo "1449"]
[BlackElo "1244"]
[PlyCount "93"]
[EventDate "2015.09.15"]
[EventType "swiss"]
[EventRounds "5"]
[EventCountry "CAN"]
[SourceTitle "EXT 2022"]
[Source "ChessBase"]
[SourceDate "2021.10.06"]
[SourceVersion "1"]
[SourceVersionDate "2021.10.06"]
[SourceQuality "1"]

1. e4 c5 2. Nf3 e6 3. d4 cxd4 4. c3 Nc6 5. cxd4 Nge7 6. Nc3 Ng6 7. Bc4 Be7 8. 0-0 d6 9. Re1 a6 10. d5 Nce5 11. Nxe5 Nxe5 12. Qe2 b5 13. Bb3 Bd7 14. dxe6 fxe6 15. f4 Ng6 16. Qh5 0-0 17. f5 Ne5 18. fxe6 Be8 19. Qh3 Bc6 20. Bd5 Bxd5 21. exd5 Rc8 22. Bd2 Rc4 23. Re4 Rc8 24. Bf4 Ng6 25. Rf1 Rc4 26. Rxc4 bxc4 27. Qe3 Qc8 28. Ne4 Nxf4 29. Rxf4 Rxf4 30. Qxf4 Qf8 31. Qxf8+ Kxf8 32. Kf2 g6 33. Ke2 Kg7 34. Ke3 h6 35. Kd4 g5 36. g4 Kg6 37. Kxc4 h5 38. h3 hxg4 39. hxg4 Kg7 40. b4 Kf8 41. b5 axb5+ 42. Kxb5 Ke8 43. Kc6 Kd8 44. Nxd6 Bf6 45. Nf5 Be5 46. e7+ Ke8 47. d6 1-0

[Event "Outaouais op U1500"]
[Site "Gatineau"]
[Date "2015.06.07"]
[Round "5"]
[White "Traversy, Pierre"]
[Black "Breton, Jules"]
[Result "1-0"]
[WhiteElo "1227"]
[BlackElo "1495"]
[PlyCount "93"]
[EventDate "2015.06.05"]
[EventType "swiss"]
[EventRounds "5"]
[EventCountry "CAN"]
[SourceTitle "EXT 2019"]
[Source "ChessBase"]
[SourceDate "2018.10.10"]
[SourceVersion "1"]
[SourceVersionDate "2018.10.10"]
[SourceQuality "1"]

1. d4 d5 2. Nf3 Nd7 3. Bf4 e6 4. Nc3 Bb4 5. e3 h6 6. Bd3 Ngf6 7. 0-0 a6 8. Ne2 b5 9. c3 Be7 10. Qc2 c5 11. dxc5 Nxc5 12. Ne5 Qb6 13. Ng3 g5 14. Nxf7 Rf8 15. Be5 Rxf7 16. Bg6 Ncd7 17. Bxf6 Nxf6 18. Qe2 g4 19. Rad1 e5 20. Nh5 Kf8 21. Bxf7 Kxf7 22. Nxf6 Bxf6 23. Rxd5 Be6 24. Rd2 h5 25. Rfd1 Bc4 26. Rd7+ Ke8 27. Qc2 Bf7 28. Qh7 Qe6 29. R7d6 Qe7 30. Qe4 Rc8 31. Rd7 Qe6 32. Qb7 Qc6 33. Rxf7 Qxb7 34. Rxb7 a5 35. Rh7 Be7 36. Rg7 Bf8 37. Rg5 b4 38. Rxe5+ Kf7 39. Rxa5 Kg6 40. Ra4 bxc3 41. bxc3 Rxc3 42. Ra6+ Kg5 43. Rd4 Bg7 44. Rd1 Kf5 45. Ra5+ Be5 46. Kf1 Rc2 47. a4 1-0

[Event "Outaouais op U1500"]
[Site "Gatineau"]
[Date "2015.06.07"]
[Round "5"]
[White "Traversy, Pierre"]
[Black "Breton, Jules"]
[Result "1-0"]
[WhiteElo "1227"]
[BlackElo "1495"]
[PlyCount "133"]
[EventDate "2015.06.05"]
[EventType "swiss"]
[EventRounds "5"]
[EventCountry "CAN"]
[SourceTitle "EXT 2019"]
[Source "ChessBase"]
[SourceDate "2018.10.10"]
[SourceVersion "1"]
[SourceVersionDate "2018.10.10"]
[SourceQuality "1"]

1. d4 d5 2. Nf3 Nd7 3. Bf4 e6 4. Nc3 Bb4 5. e3 h6 6. Bd3 Ngf6 7. 0-0 a6 8. Ne2 b5 9. c3 Be7 10. Qc2 c5 11. dxc5 Nxc5 12. Ne5 Qb6 13. Ng3 g5 14. Nxf7 Rf8 15. Be5 Rxf7 16. Bg6 Ncd7 17. Bxf6 Nxf6 18. Qe2 g4 19. Rad1 e5 20. Nh5 Kf8 21. Bxf7 Kxf7 22. Nxf6 Bxf6 23. Rxd5 Be6 24. Rd2 h5 25. Rfd1 Bc4 26. Rd7+ Ke8 27. Qc2 Bf7 28. Qh7 Qe6 29. R7d6 Qe7 30. Qe4 Rc8 31. Rd7 Qe6 32. Qb7 Qc6 33. Rxf7 Qxb7 34. Rxb7 a5 35. Rh7 Be7 36. Rg7 Bf8 37. Rg5 b4 38. Rxe5+ Kf7 39. Rxa5 Kg6 40. Rc1 Rc7 41. Ra6+ Kh7 42. c4 Bg7 43. Rd1 Bxb2 44. Rd2 Bg7 45. Kf1 Rxc4 46. Ra7 h4 47. h3 g3 48. fxg3 hxg3 49. Ke2 Rc3 50. Rd3 Rc2+ 51. Kf3 Rc6 52. Rb3 Kg6 53. Rxb4 Bh6 54. e4 Rc3+ 55. Kg4 Rc6 56. Kxg3 Rf6 57. Rb3 Kg5 58. Rf3 Kg6 59. Rd3 Re6 60. Kf3 Bg7 61. Ke3 Kh5 62. Rdd7 Bc3 63. Ra3 Kh4 64. Rh7+ Kg3 65. Rxc3 Kxg2 66. h4 Re5 67. a4 1-0

[Event "Gatineau op-C"]
[Site "Gatineau"]
[Date "2015.03.??"]
[Round "2"]
[White "Sabourin, Sebastien"]
[Black "Traversy, Pierre"]
[Result "1-0"]
[WhiteElo "1353"]
[BlackElo "1224"]
[PlyCount "54"]
[EventDate "2015.03.07"]
[EventType "swiss"]
[EventRounds "5"]
[EventCountry "CAN"]
[SourceTitle "EXT 2016"]
[Source "ChessBase"]
[SourceDate "2015.10.08"]
[SourceVersion "1"]
[SourceVersionDate "2015.10.08"]
[SourceQuality "1"]

1. e4 c5 2. Nf3 Nc6 3. Nc3 d6 4. d4 cxd4 5. Nxd4 e5 6. Nf3 Nf6 7. Bc4 h6 8. a3 Bg4 9. h3 Bh5 10. Be3 Be7 11. Qd2 0-0 12. 0-0-0 Bg6 13. Bd3 a6 14. g4 Nh7 15. h4 Nf6 16. h5 Nxg4 17. hxg6 b5 18. gxf7+ Rxf7 19. Be2 Nxe3 20. Qxe3 Rb8 21. Nd5 Bf8 22. Rdg1 Na5 23. Qxh6 Nb3+ 24. cxb3 Rc8+ 25. Kd1 Rb7 26. Qh8+ Kf7 27. Qh5+ Kg8 1-0

[Event "Gatineau Judith Polgar"]
[Site "Gatineau"]
[Date "2015.01.20"]
[Round "2"]
[White "Traversy, Pierre"]
[Black "Bourbonnais, Luc"]
[Result "1/2-1/2"]
[WhiteElo "1128"]
[BlackElo "1332"]
[PlyCount "95"]
[EventDate "2015.01.13"]
[EventType "swiss"]
[EventRounds "5"]
[EventCountry "CAN"]
[SourceTitle "EXT 2022"]
[Source "ChessBase"]
[SourceDate "2021.10.06"]
[SourceVersion "1"]
[SourceVersionDate "2021.10.06"]
[SourceQuality "1"]

1. d4 Nf6 2. Nf3 g6 3. Nc3 d5 4. Bd2 Bg7 5. e3 0-0 6. Be2 Nbd7 7. 0-0 c6 8. b3 Ne4 9. Na4 b5 10. Nb2 c5 11. c3 a6 12. Rc1 c4 13. b4 e5 14. dxe5 Nxe5 15. Nd4 f5 16. f3 Nd6 17. Be1 Ndf7 18. Qc2 a5 19. a3 Bd7 20. Nd1 Nd6 21. Nf2 Qb6 22. Nh3 Bh6 23. Nf4 Bxf4 24. exf4 Nc6 25. Bf2 Nxd4 26. Bxd4 Qd8 27. Bc5 Bc6 28. Rcd1 Re8 29. Rfe1 Nb7 30. Bd4 Re6 31. Bf1 Qe8 32. Re5 Kf7 33. Rde1 Rxe5 34. fxe5 Ke6 35. f4 Nd8 36. Qf2 a4 37. Re3 Qe7 38. Rg3 Bb7 39. Rh3 Nc6 40. Bc5 Qf7 41. Rh6 Rh8 42. Be2 Ne7 43. Bd4 Ng8 44. Rh3 h5 45. g4 Bc6 46. g5 Qb7 47. Bb6 Rh7 48. Bd4 1/2-1/2

[Event "Gatineau Nez Rouge-B"]
[Site "Gatineau"]
[Date "2014.12.02"]
[Round "2"]
[White "Traversy, Pierre"]
[Black "Legare, Gilles"]
[Result "0-1"]
[WhiteElo "1141"]
[BlackElo "1080"]
[PlyCount "114"]
[EventDate "2014.11.25"]
[EventType "swiss"]
[EventRounds "4"]
[EventCountry "CAN"]
[SourceTitle "EXT 2016"]
[Source "ChessBase"]
[SourceDate "2015.10.08"]
[SourceVersion "1"]
[SourceVersionDate "2015.10.08"]
[SourceQuality "1"]

1. d4 Nf6 2. Nf3 d5 3. Nc3 e6 4. e3 b6 5. Bd2 c6 6. a3 Ba6 7. Bxa6 Nxa6 8. b4 Nb8 9. 0-0 Bd6 10. Ne5 Nbd7 11. f4 0-0 12. Nxc6 Qe8 13. Ne5 Bc7 14. Be1 Nxe5 15. fxe5 Nd7 16. Bg3 Bd8 17. Qe2 Be7 18. Rf2 Qd8 19. Qd3 Bh4 20. Rf3 f5 21. Ne2 Re8 22. c4 dxc4 23. Qxc4 Bxg3 24. Nxg3 Kh8 25. b5 Nf8 26. Qe2 Ng6 27. Rff1 Rf8 28. Nh5 Qg5 29. Nf4 Nxf4 30. exf4 Qe7 31. a4 Qb4 32. Qd3 Rac8 33. Qd1 Rcd8 34. Rb1 Qc4 35. Rc1 Qd5 36. Re1 Rg8 37. Re3 g6 38. Rd3 Qe4 39. Qd2 Qd5 40. Re1 Rc8 41. h4 Kg7 42. Rc1 h5 43. Rdc3 Rcd8 44. Rc7+ Kh6 45. Rd1 Rd7 46. Rxd7 Qxd7 47. d5 Qe7 48. g3 Rd8 49. d6 Qb7 50. Qd3 a6 51. Rc1 axb5 52. axb5 Qa7 53. Qb3 Qb7 54. Rc6 Ra8 55. Qc3 Qa7 56. Qd4 Qa5 57. d7 Qe1+ 0-1